MARC details
| 000 -LÍDER |
| campo de controle de tamanho fixo |
01306nam a22003497a 4500 |
| 001 - NÚMERO DE CONTROLE |
| campo de controle |
BR7600038 |
| 003 - IDENTIFICADOR DO NÚMERO DE CONTROLE |
| campo de controle |
BR-BrBNA |
| 005 - DATA E HORÁRIO DA ÚLTIMA TRANSAÇÃO |
| campo de controle |
20230928084856.0 |
| 007 - CAMPO FIXO DE DESCRIÇÃO FÍSICA--INFORMAÇÃO GERAL |
| campo de controle de tamanho fixo |
ta |
| 008 - CAMPO DE DADOS FIXOS--INFORMAÇÃO GERAL |
| campo de controle de tamanho fixo |
230509b bl.||||| |||| 00| 0 por d |
| 040 ## - FONTE DA CATALOGAÇÃO |
| Instituição da catalogação original |
BR-BrBNA |
| Idioma da catalogação |
por |
| Instituição que transcreveu o registro |
Biblioteca Nacional de Agricultura |
| 041 ## - CÓDIGO DE IDIOMA |
| Código do idioma do texto/trilha sonora ou título diferente |
(Por) |
| 072 ## - CÓDIGO DE CATEGORIA DE ASSUNTO |
| Código de Categoria de Assunto |
E70; E10 |
| Código do objeto |
/G514 |
| 090 ## - NÚMERO DE CHAMADA LOCAL |
| -- |
E70 BR7600038 |
| 110 1# - ENTRADA PRINCIPAL--NOME CORPORATIVO |
| Nome corporativo ou nome da jurisdição |
Federacao da Agricultura do Estado de Mato Grosso, Cuiaba (Brasil); |
| 9 (RLIN) |
4561 |
| 110 1# - ENTRADA PRINCIPAL--NOME CORPORATIVO |
| Nome corporativo ou nome da jurisdição |
Federacao da Agricultura de Goias, Goiania (Brasil); |
| 9 (RLIN) |
4553 |
| 110 1# - ENTRADA PRINCIPAL--NOME CORPORATIVO |
| Nome corporativo ou nome da jurisdição |
Federacao da Agricultura do Estado do Rio de Janeiro, Rio de Janeiro (Brasil); |
| 9 (RLIN) |
4575 |
| 110 1# - ENTRADA PRINCIPAL--NOME CORPORATIVO |
| Nome corporativo ou nome da jurisdição |
Federacao da Agricultura do Estado do Espirito Santo, Vitoria (Brasil) |
| 9 (RLIN) |
4570 |
| 111 1# - ENTRADA PRINCIPAL--NOME DO EVENTO |
| Nome do evento ou lugar |
2. Encontro Regional da Agropecuaria |
| Local do evento |
Cuiaba, MT (Brazil) |
| Data do evento ou assinatura do tratado |
29 May 1975 |
| 245 1# - TÍTULO |
| Título |
2. Encontro Regional da Agropececuaria [Politica de preco; Industrializacao; Comercializacao; Credito rural; Insumo; Seguro agricola; Brasil] |
| Restante do título |
Documento Final (Preliminar) |
| 260 3# - PUBLICAÇÃO, DISTRIBUIÇÃO, ETC. |
| Local de publicação, distribuição, etc. |
Cuiaba, MT (Brasil): |
| Data da publicação, distribuição, etc. |
1975. |
| 300 ## - DESCRIÇÃO FÍSICA |
| Extensão |
90 p. |
| 650 ## - ASSUNTO--TERMO TÓPICO |
| Cabeçalho tópico ou nome geográfico |
Comercializacao |
| 650 ## - ASSUNTO--TERMO TÓPICO |
| Cabeçalho tópico ou nome geográfico |
Macroeconomia |
| 650 ## - ASSUNTO--TERMO TÓPICO |
| Cabeçalho tópico ou nome geográfico |
Preco |
| 650 ## - ASSUNTO--TERMO TÓPICO |
| Cabeçalho tópico ou nome geográfico |
Industrializacao |
| 650 ## - ASSUNTO--TERMO TÓPICO |
| Cabeçalho tópico ou nome geográfico |
Credito rural |
| 650 ## - ASSUNTO--TERMO TÓPICO |
| Cabeçalho tópico ou nome geográfico |
Insumo |
| 650 ## - ASSUNTO--TERMO TÓPICO |
| Cabeçalho tópico ou nome geográfico |
Seguro rural |
| 909 ## - |
| -- |
202309 |
| -- |
Lucia |
| -- |
55 |
| -- |
Lucia Elande |
| 942 ## - ELEMENTOS DE ENTRADA ADICIONADOS (KOHA) |
| Tipo de material Koha |
Livros |